Fundamentals of Biochemistry (Record no. 15614)
[ view plain ]
| 000 -LEADER | |
|---|---|
| fixed length control field | 00405nam a22001577a 4500 |
| 003 - CONTROL NUMBER IDENTIFIER | |
| control field | OSt |
| 008 - FIXED-LENGTH DATA ELEMENTS--GENERAL INFORMATION | |
| fixed length control field | 190520b ||||| |||| 00| 0 eng d |
| 020 ## - INTERNATIONAL STANDARD BOOK NUMBER | |
| ISBN | 9789380428871 |
| 082 ## - DEWEY DECIMAL CLASSIFICATION NUMBER | |
| Classification number | 574.192 |
| Item number | JAS/FU |
| 100 ## - MAIN ENTRY--AUTHOR NAME | |
| Personal name | Jasmine, Indra G. |
| 245 ## - TITLE STATEMENT | |
| Title | Fundamentals of Biochemistry |
| 260 ## - PUBLICATION, DISTRIBUTION, ETC. (IMPRINT) | |
| Place of publication | Delhi |
| Name of publisher | Narendra Publishing House |
| Year of publication | 2017 |
| 300 ## - PHYSICAL DESCRIPTION | |
| Number of Pages | 288 p. |
| 700 ## - ADDED ENTRY--PERSONAL NAME | |
| Personal name | Rathnakumar, k |
| 942 ## - ADDED ENTRY ELEMENTS (KOHA) | |
| Koha item type | Books |
| Withdrawn status | Lost status | Damaged status | Collection code | Home library | Current library | Shelving location | Date acquired | Cost, normal purchase price | Full call number | Accession Number | Koha item type |
|---|---|---|---|---|---|---|---|---|---|---|---|
| Non-fiction | KAUAET | KAUAET | General Stacks | 20/05/2019 | 1895.00 | 574.192 JAS/FU | 25808 | Books |
